Logo BPK

Bibliografia Prac Pracowników

Politechniki Koszalińskiej

Problemy zarządzania w okresie transformacji gospodarczej : (Rekord nr 10295)

Szczegóły MARC
000 -ETYKIETA REKORDU
podpole kontrolne o stałej długości 01665nam a2200349 i 4500
001 - NUMER KONTROLNY REKORDU
podpole kontrolne 10295
003 - IDENTYFIKATOR NUMERU KONTROLNEGO REKORDU
podpole kontrolne KOSZ 005
005 - DATA OSTATNIEJ MODYFIKACJI REKORDU
podpole kontrolne 20180430134509.0
008 - POLE O STAŁEJ DŁUGOŚCI - DANE KONTROLNE
podpole kontrolne o stałej długości 980702s1995 pl |100 0 pol
015 ## - NUMER BIBLIOGRAFII NARODOWEJ
Numer bibliografii narodowej PB 14440/96
020 ## - MIĘDZYNARODOWY ZNORMALIZOWANY NUMER KSIĄŻKI - ISBN
ISBN 838612329X
040 ## - ŹRÓDŁO KATALOGOWANIA
Instytucja, która sporządziła opis WA N
Instytucja, która utworzyła rekord BPK
Instytucja, która dokonała modyfikacji KOSZ 005/EG
080 ## - UNIWERSALNA KLASYFIKACJA DZIESIĘTNA - UKD
UKD 338.22(438)
080 ## - UNIWERSALNA KLASYFIKACJA DZIESIĘTNA - UKD
UKD 334.72(438)
080 ## - UNIWERSALNA KLASYFIKACJA DZIESIĘTNA - UKD
UKD 005
080 ## - UNIWERSALNA KLASYFIKACJA DZIESIĘTNA - UKD
UKD (06)
100 1# - NAZWA OSOBOWA
Nazwa osobowa DOBRZAŃSKI, Kazimierz.
Instytucja Wyższa Szkoła Inżynierska w Koszalinie - Instytut Zarządzania i Marketingu,
Lata pracy 1993-1996.
245 10 - TYTUŁ/ODPOWIEDZIALNOŚĆ
Tytuł Problemy zarządzania w okresie transformacji gospodarczej :
Ciąg dalszy tytułu materiały I Krajowej Konferencji, Koszalin, marzec 1995 /
Pozostałe elementy strefy tytułu i oznaczenia odpowiedzialności red. nauk. Kazimierz Dobrzański, Michał Jasiulewicz, Andrzej Suszyński.
260 ## - STREFA ADRESU WYDAWNICZEGO
Miejsce wydania Koszalin :
Nazwa wydawcy/dystrybutora Wydaw. Uczelniane WSI,
Data publikacji, dystrybucji/powstania dokumentu 1995.
300 ## - STREFA OPISU FIZYCZNEGO
Objętość 131 s. ;
Rozmiary 24 cm.
490 1# - STREFA SERII I DOKUMENTU WIELOCZĘŚCIOWEGO - FORMA NIE DO WYSZUKIWANIA
Tytuł i oznaczenie odpowiedzialności serii Materiały Konferencyjne Instytutu Zarządzania i Marketingu.
504 ## - UWAGA DOTYCZACA BIBLIOGRAFII
Informacje o bibliografii Bibliogr. przy mater.
650 #0 - HASŁO PRZEDMIOTOWE W FORMIE NAZWY OGÓLNEJ LUB JEDNOSTKOWEJ
Nazwa ogólna lub geograficzna Zarządzanie.
650 #0 - HASŁO PRZEDMIOTOWE W FORMIE NAZWY OGÓLNEJ LUB JEDNOSTKOWEJ
Nazwa ogólna lub geograficzna Prywatyzacja.
650 #0 - HASŁO PRZEDMIOTOWE W FORMIE NAZWY OGÓLNEJ LUB JEDNOSTKOWEJ
Nazwa ogólna lub geograficzna Przedsiębiorstwo.
650 #0 - HASŁO PRZEDMIOTOWE W FORMIE NAZWY OGÓLNEJ LUB JEDNOSTKOWEJ
Nazwa ogólna lub geograficzna Transformacja systemu społeczno-gospodarczego.
655 #0 - TERMIN INDEKSOWY - OKREŚLENIE RODZAJU/FORMY DOKUMENTU
Określnie rodzaju/formy dokumentu Materiały konferencyjne.
700 1# - HASŁO DODATKOWE - NAZWA OSOBOWA
Nazwa osobowa JASIULEWICZ, Michał.
Instytucja Politechnika Koszalińska - Instytut Ekonomii i Zarządzania,
Wydział Zakład Polityki Społeczno-Gospodarczej i Ekonomiki Regionalnej
Lata pracy 1996 - .
700 1# - HASŁO DODATKOWE - NAZWA OSOBOWA
Nazwa osobowa SUSZYŃSKI, Andrzej.
Instytucja Wyższa Szkoła Inżynierska w Koszalinie - Instytut Zarządzania i Marketingu,
Wydział Katedra Polityki Gospodarczej i Ekonomiki Regionalnej
Lata pracy 1993 - 1996.
856 ## - LOKALIZACJA I DOSTĘP DO ELEKTRONICZNYCH DOKUMENTÓW ZDALNYCH
Link (URL) http://koha.tu.koszalin.pl/cgi-bin/koha/opac-detail.pl?biblionumber=30575
Tekst linku Katalog online BPK
942 ## - HASŁO DODATKOWE - ELEMENTY(KOHA)
Schemat klasyfikacji Uniwersalna klasyfikacja dziesiętna
Typ dokumentu Książka

Brak dostępnych egzemplarzy.

© 2014 Biblioteka Politechniki Koszalińskiej :: BIBLIOGRAFIA PRAC PRACOWNIKÓW